000 00568nam a2200229Ia 4500
003 OSt
005 20221006165000.0
006 a|||||r|||| 00| 0
007 ta
008 221006b |||||||| |||| 00| 0 eng d
024 _a2,116
037 _cTextual
040 _aFML
_cFML
_beng
041 _2eng
_aeng
082 _aNR5,1, C1
100 _aProut Ebenezer Au.
_9678823
245 0 _aFugw
260 _aLondon
_bAugener Ltd.
_c1891
300 _a258
_ccm.
942 _hNR5,1, C1
_cTEXL
_2CC
999 _c1119167
_d1119167